La comunicación en la enseñanza
Saved in:
| Hovedforfatter: | |
|---|---|
| Format: | Bog |
| Sprog: | spansk |
| Udgivet: |
Ciudad de México
Trillas
1977
|
| Udgivelse: | 1a. ed |
| Serier: | Cursos básicos para formación de profesores. Area de lenguaje y comunicación
|
| Fag: | |
| Tags: |
Tilføj Tag
Ingen Tags, Vær først til at tagge denne postø!
|
MARC
| LEADER | 00000nam a2200000 a 4500 | ||
|---|---|---|---|
| 001 | UCY8436 | ||
| 003 | CL-VaPUC | ||
| 008 | 950703e19771100MX |||||||||||||||||spa|d | ||
| 082 | 0 | 4 | |a 371.3 |b ESC |2 21 |
| 100 | 0 | |a Escudero, María Teresa |e author |9 339791 | |
| 245 | 1 | 3 | |a La comunicación en la enseñanza |
| 250 | |a 1a. ed | ||
| 300 | |a 72 p | ||
| 942 | |c BK | ||
| 945 | |d 19950703 00:00:00 |a mfernand | ||
| 260 | |a Ciudad de México |b Trillas |c 1977 | ||
| 650 | 0 | |a Enseñanza |9 256457 | |
| 650 | 0 | |a Comunicación |9 257251 | |
| 650 | 0 | |a Proceso de comunicación |9 332060 | |
| 650 | 0 | |a Métodos de enseñanza |9 270413 | |
| 650 | 7 | |a MATERIAL Y EQUIPO DIDACTICOS |2 CL-VaPUC |9 309109 | |
| 650 | 7 | |a MATERIAL AUDIOVISUAL |2 CL-VaPUC |9 308466 | |
| 583 | |a last modification |c 19950703 00:00:00 |k Rodrigo Vera | ||
| 490 | 0 | |a Cursos básicos para formación de profesores. Area de lenguaje y comunicación | |
| 999 | |c 235677 |d 235675 | ||
| 952 | |0 0 |1 0 |4 0 |6 371_300000000000000_ESC_1977 |7 0 |8 P |9 243252 |a BIBEDU |b BIBEDU |c BIBEDU_PB |d 2019-11-18 |i 1525506 |o 371.3 ESC 1977 |p 1525506 |r 2024-01-25 |w 2019-11-18 |y BK |k EDU | ||